Classifica Marcatori Ligue 1 2018-2019 - Statistics

Statistiche generali
  • Questo quiz è stato fatto 3 volte
  • Il punteggio medio è 8 su 15
Statistiche sulle risposte
Gol Nazione Squadra Calciatore % Corretto
12 Argentina Paris Saint-Germain Ángel Di María
100%
18 Uruguay Paris Saint-Germain Edinson Cavani
100%
12 Argentina Nantes Emiliano Sala
100%
33 Francia Paris Saint-Germain Kylian Mbappé
100%
15 Brasile Paris Saint-Germain Neymar
100%
22 Costa d'Avorio Lilla Nicolas Pépé
100%
13 Costa d'Avorio Lilla Jonathan Bamba
67%
15 Colombia Monaco Radamel Falcao
67%
16 Francia Olympique Marsiglia Florian Thauvin
33%
15 Francia Olympique Lione Moussa Dembélé
33%
13 Tunisia Saint-Étienne Wahbi Khazri
33%
14 Francia Montpellier Andy Delort
0%
11 Francia Montpellier Gaëtan Laborde
0%
11 Costa d'Avorio Tolosa Max Gradel
0%
11 Camerun Angers Stéphane Bahoken
0%
Nessun quiz corrispondente trovato
Distribuzione punteggi
Percentuale di utenti per punteggio
Percentile per numero di risposta
I tuoi punteggi nel tempo
Non hai fatto questo quiz